Statistics for Name the flags in spanish

Click here to take the quiz!

General Stats

  • This quiz has been taken 12 times
  • The average score is 14 of 15

Answer Stats

Answer% Correct
Albania
100%
Andorra
100%
Brasil
100%
Chile
100%
España
100%
India
100%
Egipto
91%
Francia
91%
Panamá
91%
Yemen
91%
Bután
82%
Kenia
82%
Libia
82%
Togo
82%
Catar
64%

Score Distribution

Percentile by Number Answered

Percent of People with Each Score

Your Score History

You have not taken this quiz